00000000cem 2200000zi 4500
0019.962566
003CaOODSP
00520260505153913
006m     o  d f      
007cr cn|||||||||
007aj cznzn
008260505t20162016onc|   bh a  fo |   eng|d
0341 |aa|b500000|dW0670000|eW0630000|fN1187500|gN1160000
040 |aCaOODSP|beng|erda|cCaOODSP
043 |an-cn-nt|an-cn-nu
0861 |aM183-2/8034E-PDF
1102 |aGeological Survey of Canada.|ecartographer, |eissuing body.
24510|aKnowledge-driven (KD) prospectivity model for IOCG deposits in the Great Bear Magmatic Zone : |bNorthwest Territories and Nunavut, NTS 85-N and 86-C, F and K, and parts of NTS 85-M and 86-D, E and L / |cA. Kerswill, N. Hayward and D. Oneschuk.
255 |aScale 1:500,000 ; |bUniversal Transverse Mercator |c(W 67°00'--W 63°00'/N -118°75'--N -116°00).
264 1|aOttawa, Ontario : |bGeological Survey of Canada = Commission géologique du Canada, |c2016.
264 4|c©2016
300 |a1 online resource (1 map) : |bcolour.
336 |acartographic image|2rdacontent
337 |acomputer|2rdamedia
338 |aonline resource|2rdacarrier
4901 |aOpen file = |aDossier public ; |v8034
500 |a"Base map at the scale of 1:250 000 from Natural Resources Canada, with modifications."
500 |a"North American Datum 1983."
650 0|aMinerals|zNorthwest Territories|zGreat Bear Lake Region|vMaps.
650 6|aMinéraux|zTerritoires du Nord-Ouest|zOurs, Région du Grand lac de l'|vCartes.
655 7|aGeological maps|2lcgft
655 7|aDigital maps|2lcgft
655 7|aCartes géologiques|2rvmgf
655 7|aCartes géographiques numériques|2rvmgf
7001 |aKerswill, J. A., |eauthor.
830#0|aOpen file (Geological Survey of Canada)|v8034.|w(CaOODSP)9.832719
85640|qPDF|s14.70 MB|uhttps://publications.gc.ca/collections/collection_2026/rncan-nrcan/m183-2/M183-2-8034-eng.pdf
8564 |qHTML|sN/A|uhttps://doi.org/10.4095/298693